| 000 -LEADER |
| fixed length control field |
00298nam a22001097a 4500 |
| 008 - FIXED-LENGTH DATA ELEMENTS--GENERAL INFORMATION |
| fixed length control field |
251002b ||||| |||| 00| 0 eng d |
| 020 ## - INTERNATIONAL STANDARD BOOK NUMBER |
| International Standard Book Number |
9781912944323 |
| 082 ## - DEWEY DECIMAL CLASSIFICATION NUMBER |
| Classification number |
577.7 NEX |
| 245 ## - TITLE STATEMENT |
| Title |
SEAS & OCEANS |
| 260 ## - PUBLICATION, DISTRIBUTION, ETC. |
| Place of publication, distribution, etc. |
152-160 CITY RD,LONDON EC1V 2NX,UNITED KINGDOM |
| Name of publisher, distributor, etc. |
NEXTQUISITE LTD |
| Date of publication, distribution, etc. |
2020 |
| 942 ## - ADDED ENTRY ELEMENTS (KOHA) |
| Source of classification or shelving scheme |
|